Statistics for Which Airlines Operate These "Flight 1's"?

Click here to take the quiz!

General Stats

  • This quiz has been taken 190 times
  • The average score is 18 of 27

Answer Stats

RouteAnswer% Correct
Toronto - Tokyo-NaritaAir Canada
84%
New York-John F. Kennedy - Los AngelesAmerican Airlines
79%
Hamburg - FrankfurtLufthansa
79%
Istanbul-Atatürk - New York-John F. KennedyTurkish Airlines
78%
San Francisco - Hong Kong - SingaporeSingapore Airlines
77%
Dubai - London-HeathrowEmirates
74%
Seoul-Incheon - Tokyo-Narita - HonoluluKorean Air
74%
Doha - London-HeathrowQatar Airways
74%
Sydney - Dubai - London-HeathrowQantas
73%
London-Heathrow - Los Angeles - AucklandAir New Zealand
72%
London-City - Shannon - New York-John F. KennedyBritish Airways
72%
Tel Aviv-Ben Gurion - New York-John F. KennedyEl Al
70%
London-Heathrow - Kuala LumpurMalaysia Airlines
70%
Abu Dhabi - FrankfurtEtihad Airways
66%
Mexico City - Madrid-BarajasAeroméxico
65%
Los Angeles - HonoluluHawaiian Airlines
63%
London-Heathrow - New York-John F. KennedyDelta Air Lines
62%
San Francisco - Tokyo-NaritaJapan Airlines
61%
Honolulu - Taipei-TaoyuanChina Airlines
60%
Warsaw-Chopin - Chicago-O'HareLOT Polish Airlines
58%
Houston-George Bush - Tokyo-NaritaUnited Airlines
57%
Los Angeles - Taipei-TaoyuanEVA Air
56%
New York-John F. Kennedy - Fort Lauderdale-HollywoodJetBlue
53%
Washington-Reagan - Seattle-TacomaAlaska Airlines
51%
Sydney - Los AngelesVirgin Australia
51%
Washington-Dulles - Tokyo-NaritaAll Nippon Airways
49%
London-Heathrow - NewarkVirgin Atlantic
45%

Score Distribution

Percentile by Number Answered

Percent of People with Each Score

Your Score History

You have not taken this quiz